"Friend" power sprayers : made large, medium and small; a size for every man who sprays.
Saved in:
| Corporate Author: | |
|---|---|
| Format: | Book |
| Language: | English |
| Published: |
Gasport, N.Y. :
"Friend" Manufacturing Co.,
[1919?]
|
| Edition: | 2nd ed. |
| Series: | "Friend" Mfg. Co. bulletin ;
A20 |
| Subjects: | |
| Tags: |
Add Tag
No Tags, Be the first to tag this record!
|
| LEADER | 00592nam a22001817u 4500 | ||
|---|---|---|---|
| 001 | 000000807-9 | ||
| 005 | 20020606090541.3 | ||
| 008 | 830303|1919 ||||||| |||| |0||||eng|d | ||
| 035 | 0 | |a ocm82300050 | |
| 245 | 0 | 1 | |a "Friend" power sprayers : |b made large, medium and small; a size for every man who sprays. |
| 250 | |a 2nd ed. | ||
| 260 | 0 | |a Gasport, N.Y. : |b "Friend" Manufacturing Co., |c [1919?] | |
| 300 | |a 1 folded sheet (4 p.) : |b ill. ; |c 23 cm. | ||
| 490 | 0 | |a "Friend" Mfg. Co. bulletin ; |v A20 | |
| 650 | 0 | |a Spraying equipment. | |
| 710 | 2 | |a Friend Manufacturing Company. | |
| 988 | |a 20020608 | ||
| 906 | |0 MH | ||


